000 00547nam a22001697a 4500
005 20251108165252.0
008 250721s1995 xx 000 0 ara d
082 1 4 _a332.53/عبد
100 1 _aحنفي، عبد الغفار
245 1 0 _aمذكرات في الأسواق و المؤسسات المالية /
264 1 _aالإسكندرية :
_bمؤسسة شباب الجامعة،
_c1995.
300 _a472ص
650 1 7 _aالأسواق المالية
650 1 7 _aالمؤسسات المالية
942 _2ddc
_cBK
999 _c23708
_d23708